| Tag |
First Indicator |
Second Indicator |
Subfields |
| LEADER |
00000cam a22000001a 4500 |
| 001 |
in00002139643 |
| 006 |
m e d # |
| 007 |
cr mn mmmmabba |
| 008 |
820121s1745 mau s 000 0 eng d |
| 005 |
20260331161533.4 |
| 035 |
|
|
|z w013300
|
| 035 |
|
|
|a MAAR8201214404B
|
| 035 |
|
|
|9 mwa91-7028
|
| 035 |
|
|
|a 320844
|
| 035 |
|
|
|a aas03013300
|
| 040 |
|
|
|a MWA
|c MWA
|e bdrb
|d UtOrBLW
|
| 245 |
0 |
2 |
|a A Letter from a gentleman in Salem, to his friend in Boston :
|b Salem, October 25. 1745.
|
| 264 |
|
3 |
|a [Boston] :
|b [Printed by Thomas Fleet],
|c [1745]
|
| 300 |
|
|
|a 1 sheet (2 unnumbered pages)
|
| 336 |
|
|
|a text
|b txt
|2 rdacontent
|
| 337 |
|
|
|a computer
|b c
|2 rdamedia
|
| 338 |
|
|
|a online resource
|b cr
|2 rdacarrier
|
| 500 |
|
|
|a Concerning the controversial settlement of Dudley Leavitt, a New Light preacher, over a division of the First Church in Salem, Mass. Cf. Sibley's Harvard graduates, volume 10, pages 374-379.
|
| 500 |
|
|
|a The letter was circulated as a supplement to the Nov. 4, 1745, issue of the Boston evening post, printed by Thomas Fleet. In the Nov. 18, 1745, issue, Fleet openly declared himself the printer of the anonymous letter.
|
| 500 |
|
|
|a Text in two columns.
|
| 510 |
4 |
|
|a Bristol
|c B1282
|
| 510 |
4 |
|
|a Shipton & Mooney
|c 40364
|
| 510 |
4 |
|
|a Ford, W.C. Broadsides,
|c 815
|
| 530 |
|
|
|a Microform version available in the Readex Early American Imprints series.
|
| 533 |
|
|
|a Electronic text and image data.
|b [Chester, Vt. :
|c Readex, a division of Newsbank, Inc.,
|d 2002-2004.
|e Includes files in TIFF, GIF and PDF formats with inclusion of keyword searchable text.
|f (Early American imprints. First series ; no. 40364).
|
| 500 |
|
|
|a Electronic resource.
|
| 600 |
1 |
0 |
|a Leavitt, Dudley,
|d 1720-1762.
|
| 610 |
2 |
0 |
|a First Church (Salem, Mass.)
|
| 651 |
|
0 |
|a Salem (Mass.)
|x Church history.
|
| 752 |
|
|
|a United States
|b Massachusetts
|d Boston.
|
| 830 |
|
0 |
|a Early American imprints.
|n Series I,
|p Evans (1639-1800) ;
|v no. 40364.
|
| 856 |
4 |
1 |
|u http://proxy.library.tamu.edu/login?url=https://opac.newsbank.com/select/evans/40364
|y Evans Digital Edition
|t 0
|
| 999 |
|
|
|a MARS
|
| 999 |
f |
f |
|s 93e25bd0-f991-3217-96aa-cf5da1ba6891
|i d326f20e-7ad3-3ed6-9dc9-ae5be39e44c1
|t 0
|
| 952 |
f |
f |
|a Texas A&M University
|b College Station
|c Electronic Resources
|s www_evans
|d Available Online
|t 0
|h No information provided
|
| 998 |
f |
f |
|t 0
|l Available Online
|